000 01664cam a2200469 4500
001 21302
003 VRT
005 20260226120523.0
008 190814s2019 xo a a 000 0 slo
015 _aSNBA2019/09
020 _a9788055167251
_q(viazané)
039 9 _a202112151723
_bAUTHORITY
_c201909271238
_dmsnk18
_c201909191105
_dmsnk04
040 _aTTKJF
_bslo
_cTTKJF
_dSNK
_erda
041 1 _aslo
_heng
044 _axo
_cSK
072 7 _a821-93
_xLiteratúra pre deti a mládež (beletria)
_2konspekt
080 _a821-93
_22011
080 _a(0.025.2)
_22011
100 1 _aGalloway, Fhiona
_4ill
240 1 0 _aFarm Faces
_lSlovensky
245 1 0 _aNa dvore
_cillustrations Fhiona Galloway ; z anglického originálu Farm Faces ... preložila Jana Kantorová-Báliková
250 _aPrvé vydanie
264 1 _aBratislava
_bIkar, a.s. - Stonožka
_c2019
300 _a10 nečíslovaných strán
_bfarebné ilustrácie
_c21 cm
336 _atext
_btxt
_2rdacontent
336 _astatický obraz
_bsti
_2rdacontent
337 _abez média
_bn
_2rdamedia
338 _azväzok
_bnc
_2rdacarrier
490 1 _aPoď sa hrať
500 _aNázov z obalu
500 _aKartónové listy s výrezmi
521 8 _aPre deti od 2 rokov
655 7 _apublikácie pre deti
_2SNKPH
655 7 _aleporelá
_2SNKPH
655 7 _aChildren’s literature
_2SNKPHeng
655 7 _aPicture books for children
_2SNKPHeng
700 1 _aKantorová-Báliková, Jana,
_d1951-
_4trl
830 0 _aPoď sa hrať
942 _2ddc
_cKLDE
_n0
949 _617A1377178
_asnkOSC 28836
_bsnk2019/23316
_o1769/19
949 _617A1377179
_asnkOSC 28836 D1
_bsnk2019/23317
_o1769/19
999 _c21302
_d21302